Construir bicentenarios : (Registro nro. 11920)

Detalles MARC
000 -LEADER
longitud fija campo de control 01722nam a22003137a 4500
003 - IDENTIFICADOR DE NUMERO DE CONTROL
control del campo AR-RoUNA
005 - FECHA DE LA ULTIMA MODIFICACION
control del campo 20250416184716.0
008 - CAMPO DE CONTROL - LIBROS
longitud fija campo de control 250416b |||||||| |||| 00| 0 spa d
020 ## - INTERNATIONAL STANDARD BOOK NUMBER
ISBN 9872255709
040 ## - ORIGEN DE LA CATALOGACION
Agencia que cataloga la obra original AR-RoUNA
Idioma en que se cataloga spa
Entidad que modifico el registro AR-RoUNA
041 ## - CODIGO DE IDIOMA
Codigo de idioma del texto / sonido o titulo separado spa
Codigo de idioma de la traduccion original y / o intermedios de texto spa
044 ## - CODIGO DE PAIS / ENTIDAD PRODUCTORA
Codigo MARC del pais ag
245 1# - TITULO PROPIAMENTE DICHO
Titulo Construir bicentenarios :
Subtitulo Argentina /
Mencion de responsabilidad, etc Arjun Appadural ...[et al.]; Editado por Margarita Gutman.
260 ## - EDITORIAL - PUBLICACION, DISTRIBUCION, ETC. (Pie de imprenta)
Lugar de publicacion, distribucion, etc Buenos Aires :
Nombre del editor, distribuidor, etc Observatorio Argentina ; The New Scool a University ; Caras y Caretas, Fundación Octubre,
Fecha de publicacion 2005
300 ## - DESCRIPCION FISICA
Extension 372 p.:
Otros detalles fisicos fot. byn.,
Dimensiones 28x20 cm
520 ## - NOTA DE RESUMEN
Nota de resumen, etc. El documento, esta organizado en cuatro partes. En la primera "Horizontes del bicentenario", se despliega una selección de miradas hacia el pasado; la segunda "Conmemorar desde otros horizontes"; la tercera "Construir el bicentenario", concentrándose sobre los objetivos y finalmente "El porvenir de bicentenario" explora ideas y proyectos a futuro, dando sentido a la toma de decisiones. Los autores reflexionan sobre el sentido, desafíos y opciones, memorias y expectativas que genera la oportunidad del bicentenario. Revisan, desde los problemas actuales, diferentes aspectos de la memoria del pasado y la proyectan sobre el horizonte.
650 4# - MATERIA - TERMINO TEMATICO
Término temático general Sociologia
Subdivisión de formulario Sociologia de la cultura
650 4# - MATERIA - TERMINO TEMATICO
Término temático general Desarrollo social
650 4# - MATERIA - TERMINO TEMATICO
Término temático general Orden social
Subdivisión de formulario Juventud
700 1# - ENTRADA SECUNDARIA - NOMBRES PERSONALES
Nombre personal Appadural, Arjun
9 (RLIN) 27053
700 1# - ENTRADA SECUNDARIA - NOMBRES PERSONALES
Nombre personal Fernandez de Kirchner, Cristina
Fechas asociadas con el nombre 1953-
9 (RLIN) 27054
700 1# - ENTRADA SECUNDARIA - NOMBRES PERSONALES
Nombre personal Seoane, María
Fechas asociadas con el nombre 1948-
9 (RLIN) 27055
700 1# - ENTRADA SECUNDARIA - NOMBRES PERSONALES
Nombre personal Feinmann, Jose Pablo
Fechas asociadas con el nombre 1943-2021
9 (RLIN) 27056
908 ## - SOPORTE
Soporte Imp
930 ## - ACCESION
Numero de accesion (NR) 12181
942 ## - FUENTE DE CLASIFICACION
Clasificacion Dewey Decimal Classification
Tipo de item Libro
945 ## - INFORMACION DE PROCESAMIENTO
Codigo del operador MIA
Fecha de ingreso o modificacion 2025-04-16
980 ## - DECLARACIÓN DE EQUIVALENCIA O SERIE DE REFERENCIA CRUZADA - NOMBRE / TÍTULO PERSONAL [LOCAL, CANADÁ]
Código del operador 1
Nombre del operador Maricel Allasia
Código del operador que modifico el registro 1
Nombre del operador que modifico el registro Maricel Allasia
Existencias
Estado retiro Estado perdido Sistema de clasificacion Estado general Restricciones de uso Biblioteca de origen Ubicacion actual Localizacion en estante Fecha de adquisicion Fuente de adquisicion Prestamos totales Signatura y librística Proveedor Numero de ejemplar Tipo de elemento KOHA Nota no publica
Disponible Disponible cdu No dañado Ningun uso de restricciones Arq. Hilarión H. Larguia Arq. Hilarión H. Larguia Sala 16/04/2025 Don   316.3 G984 18297 ej. 1 Libro